logo

Bir Sreshtho Munshi Abdur Rouf Library
Jhenaidah Cadet College

Great exploits of the Second World War / (Record no. 7445)

MARC details
000 -LEADER
fixed length control field 00644nam a22002412a 4500
001 - CONTROL NUMBER
JCCL Control Number 7445
003 - CONTROL NUMBER IDENTIFIER
JCCL marc code BD - JhCC
005 - DATE AND TIME OF LATEST TRANSACTION
control field 20180210121618.0
008 - FIXED-LENGTH DATA ELEMENTS--GENERAL INFORMATION
fixed length control field 500101s1959 enk 000 0 eng d
035 ## - SYSTEM CONTROL NUMBER
system control number (BD - JhCC)7445
040 ## - CATALOGING SOURCE
Original cataloging agency UDU
Transcribing agency UDU
Modifying agency EQO
-- BD - JhCC
041 ## - LANGUAGE CODE
Language code of Book eng
082 ## - DEWEY DECIMAL CLASSIFICATION NUMBER
Author mark and Year LAM 1959
090 ## - LOCALLY ASSIGNED LC-TYPE CALL NUMBER (OCLC); LOCAL CALL NUMBER (OCLC)
Classification number (OCLC) (R) ; Classification number, CALL (RLIN) (NR) D743
Local cutter number (OCLC) ; Book number/undivided call number, CALL (RLIN) .L35
100 1# - MAIN ENTRY--PERSONAL NAME
Personal name Lamb, G.F.
245 10 - TITLE STATEMENT
Title Great exploits of the Second World War /
Statement of responsibility, etc by G.F. Lamb
260 ## - PUBLICATION, DISTRIBUTION, ETC. (IMPRINT)
Place of publication, distribution, etc London :
Name of publisher, distributor, etc George G. Harrap Co,
Date of publication, distribution, etc 1959
300 ## - PHYSICAL DESCRIPTION
Pagination 221 p. :
Other physical details ill. ;
Dimensions 20 cm
504 ## - BIBLIOGRAPHY, ETC. NOTE
Bibliography, etc Bibliography: pp. 220-221
650 #0 - SUBJECT ADDED ENTRY--TOPICAL TERM
Topical term or geographic name as entry element World War, 1939-1945
General subdivision History
942 ## - ADDED ENTRY ELEMENTS (KOHA)
Source of classification or shelving scheme Dewey Decimal Classification
Koha item type Books
Holdings
Source of classification or shelving scheme Damaged status Not for loan Home library Current library Shelving location Total Checkouts Full call number Barcode Date last seen Copy number Koha item type
Dewey Decimal Classification     JCC Rouf Library JCC Rouf Library General Stacks   940.5442 LAM 1959 9557 02/10/2018 C - 1 Books

JCC Library | Contacts | JCC Home

Last Update on 23 September 2017
Copyright @ 2017-2020 JCC Rouf Library
Rouf Library, Jhenidah Cadet College (JCC), Bangladesh